Statistiques concernant Qui sont ces personnages principaux d'animé #2

Cliquez ici pour prendre le quiz!

Statistiques générales

  • Ce quiz a été pris 79 fois
  • Le résultat moyen est 12 sur 30

Statistiques - réponses

Réponse% Correct
Boruto
99%
Izuku
85%
Light
85%
Koro sensei
76%
Kaneki
72%
Edward
69%
Hinata
67%
Yugi
60%
Kuroko
58%
Mark
58%
Onizuka
57%
Guts
55%
Kirito
52%
Lelouch
51%
Tsubasa
51%
Seiya
34%
Gintoki
27%
Kenshin
25%
Kiyotaka
24%
Subaru
19%
Gingka
18%
Sunraku
10%
Seven
7%
Bojji
3%
Fate
3%
Makoto
3%
Taki
3%
Wang Ling
3%
Maou
0%
Takashi
0%

Distribution des résultats

Percentile par nombre de réponses

% des personnes avec chaque résultat

Votre développement - résultats

Vous n’avez pas pris ce quiz